[Event "Pan American-ch School U15 12th"]
[Site "Callao"]
[Date "2023.10.18"]
[Round "5"]
[White "Solorzano Roncal, Giordano Caleb"]
[Black "Llanto Llacsa, Yaden Wilden"]
[Result "1/2-1/2"]
[WhiteElo "1352"]
[BlackElo "1524"]
[PlyCount "85"]
[EventDate "2023.10.16"]
[EventType "swiss"]
[EventRounds "9"]
[EventCountry "PER"]
[SourceTitle "Mega2024 Update 01"]
[Source "Chessbase"]
[SourceDate "2023.11.12"]
[SourceVersion "1"]
[SourceVersionDate "2023.11.12"]
[SourceQuality "1"]

1. d4 Nf6 2. Nf3 c5 3. c3 cxd4 4. cxd4 d5 5. Nc3 Bf5 6. Qb3 b6 7. Bg5 e6 8. e3 Be7 9. Bb5+ Nfd7 10. Bxe7 Qxe7 11. Ne5 0-0 12. Nxd7 Nxd7 13. 0-0 Nf6 14. Rfd1 a6 15. Bd3 Bxd3 16. Rxd3 b5 17. Rc1 Rfc8 18. Rd2 Ne4 19. Rdc2 Nd6 20. a4 Rc4 21. axb5 axb5 22. Ne2 Qc7 23. Rxc4 dxc4 24. Qc2 Ra2 25. Nc3 Ra6 26. h3 b4 27. Ne4 Nxe4 28. Qxe4 h6 29. Qc2 Rc6 30. Qa4 Qb7 31. Qa5 Kh7 32. d5 Ra6 33. Qc5 exd5 34. e4 dxe4 35. Rxc4 b3 36. Qf5+ Rg6 37. Qxe4 Qa6 38. h4 f5 39. Qxf5 Qxc4 40. h5 Qc1+ 41. Kh2 Qg5 42. hxg6+ Qxg6 43. Qe5 1/2-1/2

[Event "Pan American-ch School U15 12th"]
[Site "Callao"]
[Date "2023.10.17"]
[Round "4"]
[White "Llanto Llacsa, Yaden Wilden"]
[Black "Dipas Cipra, Adrian Alexis"]
[Result "1-0"]
[WhiteElo "1524"]
[BlackElo "1243"]
[PlyCount "69"]
[EventDate "2023.10.16"]
[EventType "swiss"]
[EventRounds "9"]
[EventCountry "PER"]
[SourceTitle "Mega2024 Update 01"]
[Source "Chessbase"]
[SourceDate "2023.11.12"]
[SourceVersion "1"]
[SourceVersionDate "2023.11.12"]
[SourceQuality "1"]

1. e4 g6 2. c4 Bg7 3. Ne2 d6 4. Nbc3 e6 5. g3 Ne7 6. Bg2 a6 7. 0-0 0-0 8. d3 e5 9. h3 c5 10. f4 f5 11. Rb1 Nbc6 12. Nd5 fxe4 13. dxe4 b5 14. cxb5 axb5 15. Nxe7+ Nxe7 16. Nc3 b4 17. Nd5 Be6 18. fxe5 Rxf1+ 19. Qxf1 Bxd5 20. exd6 Bxa2 21. dxe7 Qxe7 22. Ra1 Bd4+ 23. Kh2 Rf8 24. Qd3 Be6 25. Ra6 Qf7 26. Ra1 Bc4 27. Qc2 Be5 28. Bh6 Rd8 29. Rc1 Be6 30. Qxc5 Bxb2 31. Rf1 Bd4 32. Qxb4 Bf2 33. Rxf2 Qxf2 34. Qe7 Rd7 35. Qe8+ 1-0

[Event "Pan American-ch School U15 12th"]
[Site "Callao"]
[Date "2023.10.16"]
[Round "1"]
[White "Ravello Arroyo, Hector Ivan"]
[Black "Llanto Llacsa, Yaden Wilden"]
[Result "1-0"]
[WhiteElo "1113"]
[BlackElo "1524"]
[PlyCount "75"]
[EventDate "2023.10.16"]
[EventType "swiss"]
[EventRounds "9"]
[EventCountry "PER"]
[SourceTitle "Mega2024 Update 01"]
[Source "Chessbase"]
[SourceDate "2023.11.12"]
[SourceVersion "1"]
[SourceVersionDate "2023.11.12"]
[SourceQuality "1"]

1. e4 d5 2. exd5 Nf6 3. Nf3 Qxd5 4. Nc3 Qd8 5. d4 Bg4 6. Be2 Nc6 7. Be3 e6 8. h3 Bh5 9. a3 h6 10. 0-0 a6 11. Qd2 Bd6 12. Rad1 Ne7 13. Na2 Ne4 14. Qc1 b5 15. c4 c6 16. b3 0-0 17. Qc2 Bg6 18. Bd3 f5 19. Bc1 Bh7 20. Nc3 Nxc3 21. Qxc3 Ng6 22. Rfe1 Qf6 23. Ne5 Bxe5 24. dxe5 Qh4 25. cxb5 cxb5 26. Qc6 Rfe8 27. a4 bxa4 28. Bc4 Nf8 29. Ba3 Rac8 30. Qxa4 Ng6 31. Qd7 Nf4 32. Qb7 Rb8 33. Qxa6 Ng6 34. Rd6 Kh8 35. Rxe6 Qg5 36. Rxe8+ Rxe8 37. Bf7 Nxe5 38. Rxe5 1-0